000 00762cam a22002415i 4500
001 22984390
003 OSt
005 20260207103706.0
008 230223s2024 cau 000 0 eng
020 _a9781529774092 (Paperback)
040 _aDLC
_beng
_erda
_cNUST
_dNUST
050 _aHF5548.2 ABD
100 1 _aAbdey, James,
_eauthor.
245 1 0 _aBusiness analytics :
_bapplied modelling and prediction /
_cJames Abdey.
260 _aLondon ;
_bSAGE ,
_c©2024.
300 _axi, 674 pages
_billustrations ,
_c26 cm
336 _atext
_btxt
_2rdacontent
337 _aunmediated
_bn
_2rdamedia
338 _avolume
_bnc
_2rdacarrier
504 _aIncludes index.
650 _aBusiness Analytics
942 _2lcc
_n0
_cBOOKS
_hHF5548.2ABD
_kHF
_mABD
999 _c172631
_d172631